The Role of Subedei in the Mongol Invasion of Hungary

Elmentve itt :
Bibliográfiai részletek
Szerző: Gürer İlker
Dokumentumtípus: Könyv része
Megjelent: Doktoranduszok Országos Szövetsége (DOSZ) Budapest 2024
Sorozat:XXVII. Tavaszi Szél Konferencia 2024 : Tanulmánykötet II. [Spring Wind Conference 2024]
Tárgyszavak:
mtmt:35697177
Online Access:http://publicatio.bibl.u-szeged.hu/39349
LEADER 00830naa a2200205 i 4500
001 publ39349
005 20260224092949.0
008 260224s2024 hu o 000 eng d
020 |a 9786156457592 
024 7 |a 35697177  |2 mtmt 
040 |a SZTE Publicatio Repozitórium  |b hun 
041 |a eng 
100 1 |a Gürer İlker 
245 1 4 |a The Role of Subedei in the Mongol Invasion of Hungary  |h [elektronikus dokumentum] /  |c  Gürer İlker 
260 |a Doktoranduszok Országos Szövetsége (DOSZ)  |b Budapest  |c 2024 
300 |a 6 
300 |a 623-628 
490 0 |a XXVII. Tavaszi Szél Konferencia 2024 : Tanulmánykötet II. [Spring Wind Conference 2024] 
650 4 |a Történettudomány és régészet 
856 4 0 |u http://publicatio.bibl.u-szeged.hu/39349/1/XXVII.TavasziSzelKonferencia-Tanulmanykotet-II.kotet-623-628.pdf  |z Dokumentum-elérés